Financial Deepening and International Monetary Stability /

Staff Discussion Notes showcase the latest policy-related analysis and research being developed by individual IMF staff and are published to elicit comment and to further debate. These papers are generally brief and written in nontechnical language, and so are aimed at a broad audience interested in...

全面介紹

書目詳細資料
主要作者: Wang, Shengzu
其他作者: Goyal, Rishi, Marsh, Chris, Raman, Narayanan
格式: 雜誌
語言:English
出版: Washington, D.C. : International Monetary Fund, 2011.
叢編:Staff Discussion Notes; Staff Discussion Notes ; No. 2011/016
在線閱讀:Full text available on IMF
LEADER 01577cas a2200277 a 4500
001 AALejournalIMF012590
008 230101c9999 xx r poo 0 0eng d
020 |c 5.00 USD 
020 |z 9781463925987 
022 |a 2617-6750 
040 |a BD-DhAAL  |c BD-DhAAL 
100 1 |a Wang, Shengzu. 
245 1 0 |a Financial Deepening and International Monetary Stability /  |c Shengzu Wang, Chris Marsh, Rishi Goyal, Narayanan Raman. 
264 1 |a Washington, D.C. :  |b International Monetary Fund,  |c 2011. 
300 |a 1 online resource (21 pages) 
490 1 |a Staff Discussion Notes 
500 |a <strong>Off-Campus Access:</strong> No User ID or Password Required 
500 |a <strong>On-Campus Access:</strong> No User ID or Password Required 
506 |a Electronic access restricted to authorized BRAC University faculty, staff and students 
520 3 |a Staff Discussion Notes showcase the latest policy-related analysis and research being developed by individual IMF staff and are published to elicit comment and to further debate. These papers are generally brief and written in nontechnical language, and so are aimed at a broad audience interested in economic policy issues. This Web-only series replaced Staff Position Notes in January 2011. 
538 |a Mode of access: Internet 
700 1 |a Goyal, Rishi. 
700 1 |a Marsh, Chris. 
700 1 |a Raman, Narayanan. 
830 0 |a Staff Discussion Notes; Staff Discussion Notes ;  |v No. 2011/016 
856 4 0 |z Full text available on IMF  |u http://elibrary.imf.org/view/journals/006/2011/016/006.2011.issue-016-en.xml  |z IMF e-Library